000 00439nam a22001697a 4500
003 MPLRDC
005 20220104123326.0
008 210129b ||||| |||| 00| 0 eng d
082 _a947.416 GTX v.4
100 _a高畑勋
245 _a百变狸猫: 4
_c宫崎骏 策划
250 _a初版一刷
260 _a香港
_b电影双周刊出版社有限公司
_c1995
300 _b159
650 _a漫画
942 _cBK
_o947.416 GTX v.4
999 _c10441
_d10431